000 00343nam a2200145Ia 4500
100 _aTanenbaum /Andrew S.
942 _cBK
654 _aModern operating systems
245 _aModern Operating Systems 3rd revied
260 _bPrentice Hall
_aNew Delhi
_c1995
082 _a5.43
_bTAN
300 _a728
546 _aENGLISH
999 _c33495
_d33495